03771nam a22003137i 4500003000900000005001700009007000300026008003100029040003000060082002300090100004100113245017600154264007300330300004700403336002700450337003300477338002800510490005300538490002700591500005700618500009700675504003300772505238100805600005703186650004203243651004103285700005703326700007403383DO-SdBNP20250227073850.0ta210302b 2020 dr 00| 0 eng d aDO-SdBNPbspacBNPHUerda 4a928.61bG182g 2221 aGutiérrez, Franklin,d1951-eautor10aManuel de Jesús Galván :bvaivenes de una existencia revuelta /cFranklin Gutiérrez ; coordinación de edición, José Alcántara Almánzar, Elvis Francis Soto. aSanto Domingo :bBanco Central de la República Dominicana, c2020. a420 páginas : bilustraciones ;c23 cm.  2rdacontentatextobtxt 2rdamediaasin mediaciónbn 2rdacarrieravolumenbnc aBanco Central de la República Dominicana v275 aArte y Literaturav102 aIncluye datos biográficos del autor en las solapas aIncluye referencias bibliográficas y notas al pie de las páginas e índice onomástico aBibliografía : p. 383-3910 aPreámbulo, 13.-- Cronología, 15.-- Primera parte: vida de Manuel de Jesús Galván. Nacimiento: origen laberíntico, 33.-- Niñez, adolescencia y educación, 41.-- Primeras incursiones en la administración pública, 47.-- Anexión: su único recurso para alcanzar la paz social, 55.-- Periodo puertorriqueño (1865-1874), 72.-- De vuelta a Santo Domingo (1874), 94.-- Del poder moderado a los negocios furtivos, 120.-- Su último lustro de existencia, 127.-- Popularidad de Galván y Enriquillo, 137.-- Legado literario de Galván a sus descendientes, 141.-- Segunda parte: labor periodística y literaria. Producción periodística, 159.-- En la prensa dominicana, 159.-- En la prensa puertorriqueña, 170.-- Producción literaria, 179.-- La puericracia, 181.-- Federico y el aburrimiento, 188.-- Elvira y Manfredo, 190.-- Enriquillo, 195.-- El Enriquillo histórico de las crónicas, 201.-- El Enriquillo ficticio de Galván, 213.-- Invención de un héroe llamado Enriquillo, 234.-- Enriquillo, niño precoz, 241.-- Rebeldía de Enriquillo, 249.-- Protagonismo de Bartolomé de Las Casas en Enriquillo, 261.-- Rebelión de Enriquillo, 267.-- Carta de Enriquillo a Carlos V, 273.-- Tergiversaciones históricas en Enriquillo, 276.-- Enriquillo ante la crítica dominicana y foránea, 280.-- Ediciones de Enriquillo, 292.-- Ediciones resumidas, 310.-- Primer anexo: escritos relacionados con la muerte de Galván. Una página triste: el entierro de Galván, 317.-- Nota necrológica, 320.-- El sepelio de ayer, 323.-- Un muerto ilustre, 325.-- Don Manuel de Jesús Galván, 331.-- Manuel de J. Galván dead, 336.-- Manuel de J. Galván muerto, 338.-- Manuel de J. Galván, 340.-- Manuel de J. Galván, 346.-- Segundo anexo: documentos de misiones diplomáticas. Participación de República Dominicana en la Exposición histórico-americana de Madrid de 1892, 351.-- Protocolo de 1903: convenio entre los Estados Unidos de América y la República Dominicana para el pago de las acreencias reclamadas por la Santo Domingo Improvement, 364.-- Tercer anexo: documentos de transacciones comerciales. Documento de préstamo de Manuel de Jesús Galván a Philiphe Evertsz, 373.-- Documento de cobro de préstamo otorgado por Galván a Rafael Abréu, 377.-- Documento de préstamo-inversión de Galván a Antonio Ortiz, 14aGalván, Manuel de Jesúsd1834-1910vBiografías 4aEscritores dominicanosvBiografías  4aRepública DominicanavBiografías1 aSoto, Elvis Francis,ecoordinación de la edición1 aAlcántara Almánzar, Joséd1946-ecoordinación de la edición